| 000 | 00864cam a2200229 i 4500 | ||
|---|---|---|---|
| 003 | SA-RiAUC | ||
| 005 | 20250713114207.0 | ||
| 008 | 250711s1994 mr g 0001m ara c | ||
| 040 |
_aSA-RiAUC _bara _cSA-RiAUC _erda |
||
| 082 | 0 | 4 |
_a810.8 _qSA-RiAUC |
| 090 |
_a810.8 _bا ب ن ش |
||
| 100 | 1 |
_aابن شقرون، أحمد، _d1913-2000 _eمؤلف. |
|
| 245 | 1 | 0 |
_aنقايات من غرر الغرر لا يستغني عنها فقيه ولا أديب / _cالحاج أحمد بن شقرون. |
| 264 | 1 |
_aالدار البيضاء : _bوزارة الأوقاف، _c1994. |
|
| 300 |
_a375 صفحة ؛ _c24 سم |
||
| 336 |
_aنص _btxt _2rdacontent _3كتاب |
||
| 337 |
_aبدون وسيط _bn _2rdamedia |
||
| 338 |
_aمجلد _bnc _2rdacarrier |
||
| 650 | 7 |
_aالأدب العربي _2aucsh |
|
| 942 |
_2ddc _cBOOK _n0 |
||
| 949 |
_aSA-JeALM _d250711 _uosman123 _n1 |
||
| 999 |
_c9872 _d9872 |
||